| 000 | 00592nam a22001937a 4500 | ||
|---|---|---|---|
| 999 |
_c192872 _d192872 |
||
| 005 | 20221007122807.0 | ||
| 010 | _aENG-135335 | ||
| 020 |
_a9788126048522 _c110.00 |
||
| 035 | _aEN-118867 | ||
| 037 | _bDBAD/PUB | ||
| 082 | _a881 | ||
| 100 | _aKuvempu | ||
| 245 |
_aHumanist social vision of a 'Jungle poet'/ _cby Kuvempu Translated by N S Raghunath |
||
| 260 |
_aNew delhi _bSahitya akademi _c2016 |
||
| 270 |
_aRabindra bhavan, 35, ferozeshah road _bnew delhi _e110001 |
||
| 300 |
_a176p. _c21cm(pbk) _bIndex |
||
| 700 | _aRaghunath, N S | ||
| 942 |
_2ddc _cEN _mKUV _h881 |
||